| 000 | 00358nam a22001457a 4500 | ||
|---|---|---|---|
| 020 | _a978-81-309-1412-1 | ||
| 082 |
_a030 _bKRU/E |
||
| 100 | _aKRUGGER, CHRISTINE | ||
| 245 |
_aENCYCLOPEDIA OF BRITISH WRITERS _b19 TH CENTURE |
||
| 250 | _aINDIAN EDITION | ||
| 260 |
_aDELHI _bVIVA BOOKS _c2010 |
||
| 300 | _a398 | ||
| 650 |
_aENCYCLOPEDIA _zINDIA |
||
| 942 | _cBK | ||
| 999 |
_c1778 _d1778 |
||